Az egyetemes társadalmi-kulturális jelenségek (humán univerzálék) tanításában rejlő lehetőségek az iskola bevezető és kezdő szakaszában

A fogalom – amelyet más terminusokkal társadalmi, vagy humán univerzálénak, illetve egyetemes társadalmi-kulturális jelenségeknek is neveznek – a kulturális antropológiából szivárgott át a neveléstudomány területére, és az emberiség számára nélkülözhetetlen társadalmi jelenségek megnevezésére szolgá...

Teljes leírás

Elmentve itt :
Bibliográfiai részletek
Szerző: Kinyó László
Dokumentumtípus: Cikk
Megjelent: Szegedi Tudományegyetem, Bölcsészet- és Társadalomtudományi Kar Szeged 2018
Sorozat:Iskolakultúra 28 No. 7
Kulcsszavak:Pedagógia
mtmt:https://doi.org/10.14232/ISKKULT.2018.7.64
Online Access:http://misc.bibl.u-szeged.hu/46239
LEADER 01868nab a2200205 i 4500
001 misc46239
005 20191122100353.0
008 191122s2018 hu o 0|| zxx d
022 |a 1215-5233 
024 7 |a https://doi.org/10.14232/ISKKULT.2018.7.64  |2 doi 
040 |a SZTE Miscellanea Repozitórium  |b hun 
041 |a zxx 
100 1 |a Kinyó László 
245 1 3 |a Az egyetemes társadalmi-kulturális jelenségek (humán univerzálék) tanításában rejlő lehetőségek az iskola bevezető és kezdő szakaszában  |h [elektronikus dokumentum] /  |c  Kinyó László 
260 |a Szegedi Tudományegyetem, Bölcsészet- és Társadalomtudományi Kar  |b Szeged  |c 2018 
300 |a 64-79 
490 0 |a Iskolakultúra  |v 28 No. 7 
520 3 |a A fogalom – amelyet más terminusokkal társadalmi, vagy humán univerzálénak, illetve egyetemes társadalmi-kulturális jelenségeknek is neveznek – a kulturális antropológiából szivárgott át a neveléstudomány területére, és az emberiség számára nélkülözhetetlen társadalmi jelenségek megnevezésére szolgál (Brown, 2013), amelyek kulturális különbségektől függetlenül szükségszerűen megjelentek és megjelennek minden jelenkori, múlt- és jövőbeni társadalomban, kultúrában, emberi közösségben. Az univerzálék számos formában és absztrakciós szinten megnyilvánulhatnak. Jelen lehetnek a mindennapi életben, az emberi viselkedésben, a gondolkodásban és az érzelmekben, az intézményi struktúrákban és a tárgyi kultúra bizonyos formáiban is (pl. étkezés, öltözködés, lakáskörülmények, családstruktúrák, kormányzat, kommunikáció, szállítás, pénz vagy a gazdasági csere egyéb formái, vallás, hivatás, kikapcsolódás stb.). 
695 |a Pedagógia 
856 4 0 |u http://misc.bibl.u-szeged.hu/46239/1/iskolakultura_2018_007_064-079.pdf  |z Dokumentum-elérés